000 005480000a22001690004500
003 MACL
005 20160514152002.0
008 160514b xxu||||| |||| 00| 0 eng d
040 _aMACL
_cMACL
041 _aHindi
082 _a891.433 BHA
100 _aभारतीय, कमलेश
_957129
245 _aशाे विंडो की गुडिया
_cकमलेश भारतीय
260 _aचण्‍डीगढ
_bतरलोचन पब्लिशर्ज
_c2011
350 _a195
942 _cHIN
_k891.433
_2ddc
999 _c45350
_d45350